| 000 | 01002nas a2200313 4500 | ||
|---|---|---|---|
| 001 | BR0304426 | ||
| 003 | BR-BrBNA | ||
| 005 | 20231205104040.0 | ||
| 007 | ta | ||
| 008 | 230509b bl.|||p| |||| 00| 00por d | ||
| 040 |
_aBR-BrBNA _bpor _cBiblioteca Nacional de Agricultura |
||
| 041 | _a(Pt) | ||
| 072 | _aL51; L52 | ||
| 100 | 1 | _aFischer, V. | |
| 100 | 1 | _aDeswysen, A.G. | |
| 100 | 1 | _aDutilleul, P. | |
| 100 | 1 | _aBoever, J. de | |
| 245 | 1 | _aPadrões da distribuição nictemeral do comportamento ingestivo de vacas leiteiras, ao início e ao final da lactação alimentadas com dieta à base de silagem de milho | |
| 650 | _aVACA LEITEIRA | ||
| 650 | _aINGESTÃO | ||
| 650 | _aMATÉRIA SECA | ||
| 650 | _aDIETA | ||
| 650 | _aSILAGEM | ||
| 650 | _aMILHO | ||
| 650 | _aMÉTODO ESTATÍSTICO | ||
| 773 | 0 |
_tRevista Brasileira de Zootecnia (Brazil) _xISSN 1516-3598 _g(Sep-Oct 2002), v. 31(5) p. 2129-2138 _wBR0304426 |
|
| 909 |
_a202311 _bLúcia _c55 _dLúcia Elande |
||
| 942 |
_2AGRIS _n0 _cANA |
||
| 999 |
_c176063 _d176063 |
||